00708nam a2200205 a 450000100100000000500170001000800410002702000150006804000250008308200180010810000500012624500700017626000610024630000200030749000280032758600690035565000240042465000260044883000280047400001906720200929165920.0100525s1993 sp 000 p spa d a8478201629 aDO-SdBNPbspacBNPHU a861.44bM385c1 aMartínez Cisneros, Francisco Javier,d1963-10aConcierto para un insomne /cFrancisco Javier Martínez Cisnero. aZaragoza :bInstitución Fernando el Católico,c1993. a29 p. ;c25 cm.1 aColección San Jorge ; aMención de honor (VII premio "Isabel de Portugal" de poesía) 4aPoesía española 4aLiteratura española 0aColección San Jorge ;